The Covid 19 Pandemic and Older Adults (Record no. 35639)

MARC details
000 -LEADER
fixed length control field 00594nam a2200181Ia 4500
020 ## - INTERNATIONAL STANDARD BOOK NUMBER
ISBN 9781032226378
050 ## - CALL MARK
Classification number RA 644 .C67/
100 ## - STATEMENT OF RESPONSIBILITY--MAIN AUTHOR NAME
Personal name Edited by Edward Alan Miller
245 #4 - TITLE STATEMENT
Title The Covid 19 Pandemic and Older Adults
260 ## - PUBLICATION, DISTRIBUTION, ETC. (IMPRINT)
Place of publication London
260 ## - PUBLICATION, DISTRIBUTION, ETC. (IMPRINT)
Name of publisher Routledge
260 ## - PUBLICATION, DISTRIBUTION, ETC. (IMPRINT)
Year of publication 2022
300 ## - PHYSICAL DESCRIPTION
Number of Pages 155 p
650 ## - SUBJECT ADDED ENTRY--TOPICAL TERM
Topical Term COVID-19 (Disease) Older people -- Health and hygiene COVID-19 Pandemic, 2020- -- Social aspects COVID-19 Pandemic, 2020- -- Psychological aspects Aging -- Health aspects
942 ## - ADDED ENTRY ELEMENTS (KOHA)
Koha item type Books
Holdings
Withdrawn status Lost status Source of classification or shelving scheme Damaged status Not for loan Permanent Location Current Location Shelving location Date acquired Accession Number Price effective from Koha item type
    Library of Congress Classification     NILE UNIVERSITY OF NIGERIA - MAIN LIBRARY NILE UNIVERSITY OF NIGERIA - MAIN LIBRARY Items on shelf 04/23/2025 0197398 04/23/2025 Books